Osvobození od daně z přidané hodnoty při dovozu zboží - § 71 zákona o DPH od 1. 4. 2011
Implementácia Smernice Rady 2009/132/ES do zákona o DPH v ČR, ktorá vymedzuje oblasť oslobodenia niektorých druhov tovarov od dane z pridanej hodnoty. Nariadenie Rady č. 1186/2009, ktorá určuje tovary oslobodené od cla.
Salvato in:
| Autore principale: | |
|---|---|
| Natura: | Capitolo di libro |
| Lingua: | ceco |
| Soggetti: | |
| Tags: |
Nessun Tag, puoi essere il primo ad aggiungerne!!
|
MARC
| LEADER | 00000naa a2200000 4500 | ||
|---|---|---|---|
| 001 | 0147115 | ||
| 005 | 20230925094158.2 | ||
| 041 | 0 | |a cze | |
| 044 | |a CZ | ||
| 245 | 1 | 0 | |a Osvobození od daně z přidané hodnoty při dovozu zboží - § 71 zákona o DPH od 1. 4. 2011 |c Zdeněk Kuneš |
| 520 | |a Implementácia Smernice Rady 2009/132/ES do zákona o DPH v ČR, ktorá vymedzuje oblasť oslobodenia niektorých druhov tovarov od dane z pridanej hodnoty. Nariadenie Rady č. 1186/2009, ktorá určuje tovary oslobodené od cla. | ||
| 610 | 2 | 0 | |a Česko |
| 610 | 2 | 0 | |a Európska únia |
| 610 | 2 | 0 | |a tovar |
| 610 | 2 | 0 | |a dovoz |
| 610 | 2 | 0 | |a clá |
| 610 | 2 | 0 | |a poplatky colné |
| 610 | 2 | 0 | |a dane z hodnoty pridanej |
| 610 | 2 | 0 | |a oslobodenie od daní |
| 610 | 2 | 0 | |a smernice |
| 100 | 1 | |a Kuneš, Zdeněk | |